NRJ Music Awards 2020 - Les gagnants - Statistiques

Statistiques générales
  • Ce quiz a été pris 12 fois
  • Le résultat moyen est 10 sur 19
Statistiques - réponses
Hint Réponse % Correct
Artiste féminine francophone Aya Nakamura
91%
Artiste féminine internationale Dua Lipa
82%
Artiste masculin francophone Dadju
73%
DJ de l'année DJ Snake
64%
Artiste masculin international The Weeknd
64%
Chanson francophone Avant toi (Vitaa & Slimane)
55%
Révélation internationale Doja Cat
55%
Révélation francophone Squeezie
55%
Groupe/duo francophone Vitaa & Slimane
55%
Groupe/duo internationale BTS
45%
Clip de l'année Ca ira (Vitaa & Slimane)
45%
Award d'honneur (masculin international) Elton John
45%
Award d'honneur (masculin fr) Gims
45%
Award d'honneur (groupe fr) Indochine
45%
Chanson internationale Jerusalema (Master KG)
45%
Collaboration francophone Melegim (Soolking et Dadju)
45%
Collaboration internationale Rain on me (Lady Gaga & Ariana Grande)
45%
Award d'honneur (féminim) Mariah Carey
27%
Performance francophone Si on disait (M. Pokora)
27%
Aucun quiz correspondant
Distribution des résultats
% des personnes avec chaque résultat
Percentile par nombre de réponses
Votre historique - résultats
Vous n’avez pas pris ce quiz